<?xml version="1.0" encoding="UTF-8"?>
<record
    xmlns:xsi="http://www.w3.org/2001/XMLSchema-instance"
    xsi:schemaLocation="http://www.loc.gov/MARC21/slim http://www.loc.gov/standards/marcxml/schema/MARC21slim.xsd"
    xmlns="http://www.loc.gov/MARC21/slim">

  <leader>03159cpcaa2200445   4500</leader>
  <controlfield tag="001">mm 78034173 </controlfield>
  <controlfield tag="003">DLC</controlfield>
  <controlfield tag="005">20260227111625.0</controlfield>
  <controlfield tag="007">cr |||||||||||</controlfield>
  <controlfield tag="008">780803||||||||||||                 eng  </controlfield>
  <datafield tag="010" ind1=" " ind2=" ">
    <subfield code="a">mm 78034173 </subfield>
    <subfield code="b">ms 59000034 </subfield>
  </datafield>
  <datafield tag="040" ind1=" " ind2=" ">
    <subfield code="a">DLC</subfield>
    <subfield code="c">DLC</subfield>
    <subfield code="d">DLC</subfield>
    <subfield code="e">dacs</subfield>
  </datafield>
  <datafield tag="072" ind1=" " ind2="7">
    <subfield code="a">R</subfield>
    <subfield code="2">lcmd</subfield>
  </datafield>
  <datafield tag="110" ind1="2" ind2=" ">
    <subfield code="a">National Child Labor Committee (U.S.)</subfield>
  </datafield>
  <datafield tag="245" ind1="0" ind2="0">
    <subfield code="a">National Child Labor Committee (U.S.) records,</subfield>
    <subfield code="f">1904-1953</subfield>
    <subfield code="g">(bulk 1904-1934).</subfield>
  </datafield>
  <datafield tag="300" ind1=" " ind2=" ">
    <subfield code="a">7,000</subfield>
    <subfield code="f">items.</subfield>
  </datafield>
  <datafield tag="300" ind1=" " ind2=" ">
    <subfield code="a">66</subfield>
    <subfield code="f">containers plus</subfield>
    <subfield code="a">1</subfield>
    <subfield code="f">oversize.</subfield>
  </datafield>
  <datafield tag="300" ind1=" " ind2=" ">
    <subfield code="a">36.4</subfield>
    <subfield code="f">linear feet.</subfield>
  </datafield>
  <datafield tag="351" ind1=" " ind2=" ">
    <subfield code="a">Arranged in 5 series.  Series 1: Correspondence, Speeches, and Related Material, 1905-1943; Series 2: Reports of Investigation, 1904-1937; Series 3: Minutes, 1904-1945; Series 4: Proceedings of Annual Meetings and National Conferences of the National Child Labor Committee, 1905-1929; and Series 5: Scrapbooks and Printed Matter, 1907-1953.</subfield>
  </datafield>
  <datafield tag="506" ind1="0" ind2=" ">
    <subfield code="a">Open to research.</subfield>
  </datafield>
  <datafield tag="520" ind1="8" ind2=" ">
    <subfield code="a">Correspondence, speeches, official records, reports, pamphlets, newspaper clippings, and scrapbooks containing form letters, press releases, and newspaper clippings concerning the work of the National Child Labor Committee in promoting the rights and education of children and youth in relation to labor.  Includes reports on child labor conditions in various industries; minute books and proceedings of annual meetings and national conferences of the National Child Labor Committee and of the National Committee on Federal Aid to Education; correspondence (1905-1912) of Alexander Jeffrey McKelway, secretary for the Southern States of the National Child Labor Committee; and two letters from Franklin D. Roosevelt.</subfield>
  </datafield>
  <datafield tag="544" ind1=" " ind2=" ">
    <subfield code="3">Photographs</subfield>
    <subfield code="e">transferred to</subfield>
    <subfield code="a">Library of Congress Prints and Photographs Division.</subfield>
  </datafield>
  <datafield tag="545" ind1="1" ind2=" ">
    <subfield code="a">Organization founded in 1904 and incorporated by an act of Congress in 1907 with the mission of promoting the rights and education of children and youth in relation to labor.</subfield>
  </datafield>
  <datafield tag="546" ind1=" " ind2=" ">
    <subfield code="a">Collection material in English.</subfield>
  </datafield>
  <datafield tag="555" ind1="8" ind2=" ">
    <subfield code="a">Finding aid available in the Library of Congress Manuscript Reading Room and at</subfield>
    <subfield code="u">http://hdl.loc.gov/loc.mss/eadmss.ms012051</subfield>
  </datafield>
  <datafield tag="600" ind1="1" ind2="0">
    <subfield code="a">McKelway, Alexander Jeffrey,</subfield>
    <subfield code="d">1866-1918</subfield>
    <subfield code="v">Correspondence.</subfield>
  </datafield>
  <datafield tag="600" ind1="1" ind2="0">
    <subfield code="a">Roosevelt, Franklin D.</subfield>
    <subfield code="q">(Franklin Delano),</subfield>
    <subfield code="d">1882-1945</subfield>
    <subfield code="v">Correspondence.</subfield>
  </datafield>
  <datafield tag="650" ind1=" " ind2="0">
    <subfield code="a">Child labor</subfield>
    <subfield code="z">Southern States.</subfield>
  </datafield>
  <datafield tag="650" ind1=" " ind2="0">
    <subfield code="a">Child labor</subfield>
    <subfield code="z">United States.</subfield>
  </datafield>
  <datafield tag="650" ind1=" " ind2="0">
    <subfield code="a">Education</subfield>
    <subfield code="z">United States</subfield>
    <subfield code="x">Finance.</subfield>
  </datafield>
  <datafield tag="650" ind1=" " ind2="0">
    <subfield code="a">Federal aid to education</subfield>
    <subfield code="z">United States.</subfield>
  </datafield>
  <datafield tag="651" ind1=" " ind2="0">
    <subfield code="a">United States</subfield>
    <subfield code="x">Social conditions</subfield>
    <subfield code="y">20th century.</subfield>
  </datafield>
  <datafield tag="710" ind1="2" ind2=" ">
    <subfield code="a">National Committee on Federal Aid to Education.</subfield>
    <subfield code="t">National Committee on Federal Aid to Education records.</subfield>
  </datafield>
  <datafield tag="856" ind1="4" ind2=" ">
    <subfield code="3">Finding aid</subfield>
    <subfield code="u">http://hdl.loc.gov/loc.mss/eadmss.ms012051</subfield>
  </datafield>
  <datafield tag="856" ind1="4" ind2=" ">
    <subfield code="3">Finding aid (PDF)</subfield>
    <subfield code="u">http://hdl.loc.gov/loc.mss/eadmss.ms012051.3</subfield>
  </datafield>
  <datafield tag="999" ind1=" " ind2=" ">
    <subfield code="c">39977</subfield>
    <subfield code="d">39977</subfield>
  </datafield>
</record>
